000
00301nam a2200109Ia 4500
005
20251222143233.0
008
251222s9999||||xx |||||||||||||| ||spa||
082
_a
027.7/C76
245
0
_a
Indicadores de Gestión para Bibliotecas Universitarias
264
_b
Biblioteca Nacional del Perú
942
_c
LIB
999
_c
14290
_d
14290